000 00438nam a2200157 i 4500
001 133898
003 ES-MaACL
005 20230906194545.0
007 t|
008 070903s1911 gw ||||1| ger d
100 1 _aWalther, Andreas.
_9116018
245 1 4 _aDie Aufèange Karls V /
_cvon Andreas Walther.
260 _aLeipzig :
_bDuncker L. Humblot,
_c1911.
300 _aXIII, 258 p. ;
_c25 cm.
852 _aES-MaACL
_jA-5272
_bR.18279
999 _c133898
_d133898